Quiz o Mikronezji - Statystyki

Ogólne statystyki
  • Ten quiz został rozwiązany 703 razy
  • Średni wynik to 7 z 12
Statystyki odpowiedzi
Wskazówka Odpowiedź % Poprawnych
Język urzędowy Angielski
93%
Mikronezja posiada 607 ____ Wysp
91%
Państwo, które zarządzało Mikronezją w latach 1947–1986 Stany Zjednoczone
87%
Państwo, które najechało i zdobyło wyspy w 1914 roku Japonia
85%
Państwo, które kolonizowało Mikronezję w latach 1574 - 1899 Hiszpania
82%
Państwo, które kupiło od powyższego państwo Mikronezję w 1899 roku Niemcy
68%
Stolica Palikir
63%
Szeroko rozproszony archipelag obejmujący Mikronezję i Palau, nazwany na cześć Karola II Hiszpanii Karoliny
36%
Na wyspie Yap można zobaczyć wiele kamiennych dysków w kształcie pączków, niektóre o średnicy nawet 3,6 metra. Czym były te kamienie? Pieniądze
30%
Największa wyspa Pohnpei
28%
Najczęściej używany język autochtoniczny Chuuk
27%
Najbardziej zaludnione miasto Weno
26%
Nie znaleziono quizów pasujących do podanych kryteriów
Rozkład punktacji
Procent ludzi z każdym wynikiem
Percentyl według liczby udzielonych odpowiedzi
Twoja historia wyników
Nie rozwiązałeś tego quizu